Vista normal Vista MARC

Entrada Materia (personas)

Número de registros utilizados en: 1

001 - CONTROL NUMBER

  • control field: 55727

003 - CONTROL NUMBER IDENTIFIER

  • control field: Co-BoUCM

005 - DATE AND TIME OF LATEST TRANSACTION

  • control field: 20140212143239.0

008 - FIXED-LENGTH DATA ELEMENTS

  • fixed length control field: 140212|| aca||aabn | a|a d

040 ## - CATALOGING SOURCE

  • Original cataloging agency: Co-BoUCM
  • Transcribing agency: Co-BoUCM

100 ## - HEADING--PERSONAL NAME

  • Personal name: Pérez Bueno, Luis Cayo
  • Relator term: editor

670 ## - SOURCE DATA FOUND

  • Source citation: Work cat.: (Co-BoUCM)183824: Propuesta de modelo de ordenanza municipal sobre accesibilidad universal de los espacios públicos urbanizados y edificaciones, modos de transporte y tecnologías de información y comunicación, 2009